000 00487nam a2200193Ia 4500
005 20240823013553.0
008 240823s9999||||xx |||||||||||||| ||und||
020 _a3-540-78112-9
041 _aENGLISH
082 _A620.106 P3
100 _aSpurk.Joseph H
245 0 _aFluid Mechanics:Problems and Solutions
250 _a1st
260 _c2003
_b"Springar,Canada"
500 _aTRANSFERED
650 _aFluid Mechanics
_bAerospace Engineering
942 _cBK
999 _c167608
_d167608